000 00773nam a2200229 a 4500
001 000009474
005 20240412074211.0
008 090930s1998 dr 000 p spa d
040 _aDO-SdBNP
_bspa
_cBNPHU
082 _aRD861.44
_bN124p
100 1 _aNacidit-Perdomo, Ylonka,
_d1965-
_924277
245 1 0 _aPapeles de la noche /
_cYlonka Nacidit-Perdomo ; edición Aurora Arias.
260 _aSanto Domingo :
_bCocolo Editorial :
_bCDLEH,
_c1998.
300 _a56 p. ;
_c18 cm.
490 1 _aCotidianas de estival
590 _aInventariado, 2018/LP
650 0 _aPoesía dominicana
_966
650 0 _aLiteratura dominicana.
_967
700 1 _aArias, Aurora,
_d1962-
_eed.
_924278
830 0 _aCotidianas de estival
_924279
910 _aValidado. Control de calidad MMOLINA
999 _c9234
_d9234